Contemporary ecological crisis: A Marxist view (Record no. 394662)

MARC details
000 -LEADER
fixed length control field 00579 a2200205 4500
005 - DATE & TIME
control field 20260314092023.0
008 - FIXED-LENGTH DATA ELEMENTS--GENERAL INFORMATION
fixed length control field 260313b |||||||| |||| 00| 0 eng d
020 ## - ISBN
International Standard Book Number 9788189833923
Price Rs. 325.00
040 ## - CATALOGING SOURCE
Original cataloging agency VIVEKANANDA LIBRARY
082 ## - DDC NUMBER
Classification number 333.7201
Book Number R152C
100 ## - MAIN ENTRY--PERSONAL NAME
Personal name Randhir Singh
245 ## - TITLE STATEMENT
Title Contemporary ecological crisis: A Marxist view
260 ## - PUBLICATION, DISTRIBUTION, ETC. (IMPRINT)
Name of publisher, distributor, etc Aakar Books
Place of publication, distribution, etc Delhi
Date of publication, distribution, etc 2020
300 ## - PHYSICAL DESCRIPTION
Pages 159
440 ## - Series Statement
Series Title CRISIS of socialism: Notes in defence of a commitment-V5
650 ## - Subject
Subject Economics
650 ## - Subject
Subject Natural Resources
650 ## - Subject
Subject Environmental Problems
942 ## - ADDED ENTRY ELEMENTS (KOHA)
Koha item type Books
Holdings
Withdrawn status Lost status Source of classification or shelving scheme Damaged status Not for loan Location (home branch) Sublocation or collection (holding branch) Shelving location Date acquired Koha issues (times borrowed) Koha full call number Accession No. Koha date last seen Koha item type
    Dewey Decimal Classification     VIVEKANANDA LIBRARY VIVEKANANDA LIBRARY Vivekananda Library 18/02/2026   333.7201 R152C 438453 18/02/2026 Books
© Designed and Maintained by Vivekananda Library, MDU Rohtak